000 01793nam a2200481 a 4500
001 000112822
003 CHAP
005 20220329144323.0
008 170111s2016 mx a fsm |||||||spa d
010 _a109283
011 _a110255
040 _cCHAP
090 _aTesis
100 1 _aGerman Vilchis, Gustavo
_9131317
245 1 0 _aDiversidad genética en colecciones nativas de maíz empleando SNP's /
_h[En línea]
_cpor Gustavo German Vilchis.
260 _aChapingo, Méx. :
_bEl autor,
_c2016.
500 _aPara ver el contenido del material haga clic en la liga
502 _aTesis (M.C. en Biotecnología Agrícola) -- UACH. Departamento de Fitotecnia
590 _aE11695DGD
_b10
_c20170222
_lUCH01
_h1159
590 _aE6096MTM
_b05
_c20170216
_lUCH01
_h1458
590 _aE6096MTM
_b05
_c20170217
_lUCH01
_h1015
590 _aE6096MTM
_b05
_c20170217
_lUCH01
_h1145
590 _aE8697GMM
_b05
_c20170111
_lUCH01
_h1232
590 _aE8697GMM
_b05
_c20170111
_lUCH01
_h1244
590 _aE8697GMM
_b05
_c20170111
_lUCH01
_h1247
590 _aE8697GMM
_b05
_c20170111
_lUCH01
_h1450
590 _aE8697GMM
_b05
_c20170111
_lUCH01
_h1451
590 _aE8697GMM
_b05
_c20170112
_lUCH01
_h1150
590 _aE8697GMM
_b05
_c20170112
_lUCH01
_h1153
590 _aE8697GMM
_b05
_c20170127
_lUCH01
_h1200
590 _aE8697GMM
_b05
_c20170127
_lUCH01
_h1429
590 _aE8697GMM
_b05
_c20170206
_lUCH01
_h0836
590 _aE8697GMM
_b05
_c20170214
_lUCH01
_h1124
650 1 4 _aMaíz criollo.
_971110
650 1 4 _aMaíz
_xGenética.
_970963
650 1 4 _aMaíz
_xMejoramiento.
_971006
650 1 4 _aMaíz
_xVariedades.
_971081
650 1 4 _aMarcadores genéticos.
_971249
856 _aFinding aid
_uhttp://10.13.5.2/tesis/sist112822.pdf
_zTeclea aquí
901 _aBK
942 _cTESIS
942 _n0
999 _c109283
_d109283